A todo color (Record no. 11053)

MARC details
000 -LEADER
campo de control de longitud fija 00850nam a2200229 4500
001 - NÚMERO DE CONTROL
campo de control 11053
003 - IDENTIFICADOR DE NÚMERO DE CONTROL
campo de control ES-MaACL
005 - FECHA Y HORA DE LA ÚLTIMA TRANSACCIÓN
campo de control 20250824233320.0
007 - CAMPO FIJO DE DESCRIPCIÓN FÍSICA--INFORMACIÓN GENERAL
campo de control de longitud fija t|
008 - DATOS DE LONGITUD FIJA--INFORMACIÓN GENERAL
campo de control de longitud fija 910711s1989 sp a |||| |dspa j
020 ## - NÚMERO INTERNACIONAL ESTÁNDAR DEL LIBRO
Número Internacional Estándar del Libro 84-7483-577-1
080 ## - NÚMERO DE LA CLASIFICACIÓN DECIMAL UNIVERSAL
Número de la Clasificación Decimal Universal 75.056:087.5(460)
245 00 - MENCIÓN DEL TÍTULO
Título A todo color
Resto del título : 23 ilustradores españoles de libros para niños y jóvenes = In full color : 23 illustrators of children's books from Spain.
246 31 - FORMA VARIANTE DEL TITULO
Título propio/Titulo breve In full color
Resto del título : 23 illustrators of children's books from Spain
260 ## - PUBLICACIÓN, DISTRIBUCIÓN, ETC.
Lugar de publicación, distribución, etc. [Madrid] :
Nombre del editor, distribuidor, etc. Centro del Libro y de la Lectura,
Fecha de publicación, distribución, etc. [1989]
300 ## - DESCRIPCIÓN FÍSICA
Extensión 65 p :
Otras características físicas il. col. y n ;
Dimensiones 33 cm.
546 ## - NOTA DE IDIOMA
Nota de lengua/lenguaje Texto en español e inglés.
650 14 - PUNTO DE ACCESO ADICIONAL DE MATERIA--TÉRMINO DE MATERIA
Término de materia o nombre geográfico como elemento de entrada Ilustradores infantiles-
Subdivisión geográfica España.
9 (RLIN) 147795
710 2# - ENTRADA AGREGADA--NOMBRE DE ENTIDAD CORPORATIVA
Nombre de entidad corporativa o nombre de jurisdicción como elemento de entrada Centro del Libro y de la Lectura (España)
9 (RLIN) 2726
852 ## - LOCALIZACIÓN
Ubicación ES-MaACL
Número de control de estantería L-18426
Holdings
Estatus retirado Estado de pérdida Estado de daño No para préstamo Biblioteca de origen Biblioteca actual Ubicación en estantería Fecha de adquisición Fuente de adquisición Total de préstamos Signatura topográfica completa Código de barras Visto por última vez Precio de reemplazo Tipo de ítem Koha
        Biblioteca del Ateneo de Madrid Biblioteca del Ateneo de Madrid Depósito 2 17/01/2008     L-18426 1011272 23/02/2023 23/02/2023 Libro impreso